[Event "FIDE World Blitz 2013"]
[Site "Khanty-Mansiysk RUS"]
[Date "2013.06.09"]
[Round "7.29"]
[White "Potapov, Pavel"]
[Black "Skatchkov, Pavel"]
[Result "0-1"]
[WhiteTitle "IM"]
[BlackTitle "GM"]
[WhiteElo "2460"]
[BlackElo "2486"]
[WhiteFideId "4169786"]
[BlackFideId "4121848"]
[EventDate "2013.06.09"]

1. e4 e5 2. Nf3 d5 3. Nxe5 Bd6 4. d4 dxe4 5. Nc4 Nf6 6. Be2 O-O 7. O-O Nc6 8. c3
Bf5 9. Ne3 Bg6 10. Nd2 Ne7 11. Qb3 Rb8 12. Ndc4 Ned5 13. Nxd5 Nxd5 14. Ne5 c6
15. c4 Nf6 16. Bg5 Be7 17. Rfd1 Nd7 18. Nxg6 hxg6 19. Bf4 Rc8 20. Qxb7 a5 21.
Qb3 Bg5 22. Qg3 Bxf4 23. Qxf4 Re8 24. Rac1 Rb8 25. b3 Nf6 26. Qg5 e3 27. fxe3 a4
28. Rd3 axb3 29. axb3 Qd6 30. Bf3 Qa3 31. Re1 Re6 32. d5 cxd5 33. cxd5 Ra6 34.
Rc3 Qb2 35. Rec1 Ra1 36. e4 Qxc3 37. Rxa1 Qxa1+ 38. Kf2 Qd4+ 39. Kg3 Rxb3 40.
Kh3 Qe3 41. Qe5 Qh6+ 42. Kg3 Nh5+ 43. Kg4 f5+ 44. exf5 Rb4+ 45. Be4 Nf6+ 0-1

[Event "FIDE World Blitz 2013"]
[Site "Khanty-Mansiysk RUS"]
[Date "2013.06.09"]
[Round "8.5"]
[White "Khismatullin, Denis"]
[Black "Nepomniachtchi, Ian"]
[Result "0-1"]
[WhiteTitle "GM"]
[BlackTitle "GM"]
[WhiteElo "2658"]
[BlackElo "2717"]
[WhiteFideId "4142578"]
[BlackFideId "4168119"]
[EventDate "2013.06.09"]

1. Nf3 c5 2. b3 Nf6 3. Bb2 b6 4. g3 Bb7 5. Bg2 e6 6. O-O Be7 7. c4 O-O 8. Nc3 d5
9. cxd5 Nxd5 10. Nxd5 Bxd5 11. Rc1 Nd7 12. Qc2 Rc8 13. Rfd1 Nf6 14. Qb1 Re8 15.
d3 Bf8 16. e4 Bb7 17. Ne5 Qe7 18. d4 cxd4 19. Rxc8 Rxc8 20. Rxd4 b5 21. Bf1 a6
22. f3 Qc7 23. Rd2 Bb4 24. Rd1 Bc3 25. Bxc3 Qxc3 26. Nd3 h6 27. b4 Qd4+ 28. Nf2
Qe3 29. Rd3 Qb6 30. a3 Nxe4 31. fxe4 Bxe4 32. Qe1 Bxd3 33. Bxd3 Qd4 34. Kg2 Rc3
35. Qe2 Rxa3 36. Qf3 Qd5 37. Qxd5 exd5 38. Be2 a5 39. bxa5 Rxa5 40. Nd3 Ra4 41.
Kf3 Rd4 42. Ke3 Re4+ 43. Kd2 b4 44. Bf3 Rd4 45. Ke3 Rc4 46. Bxd5 Rc2 47. h4 Rc3
48. Kd2 h5 49. Be4 g6 50. Bd5 Kg7 51. Be4 Ra3 52. Bd5 Kf6 53. Bc4 Kg7 54. Ke3 b3
55. Kf4 Ra4 56. Nb2 Ra2 57. Nd3 Rc2 58. Ke3 Rxc4 0-1

[Event "FIDE World Blitz 2013"]
[Site "Khanty-Mansiysk RUS"]
[Date "2013.06.09"]
[Round "8.7"]
[White "Potkin, Vladimir"]
[Black "Inarkiev, Ernesto"]
[Result "1/2-1/2"]
[WhiteTitle "GM"]
[BlackTitle "GM"]
[WhiteElo "2647"]
[BlackElo "2680"]
[WhiteFideId "4131061"]
[BlackFideId "4162722"]
[EventDate "2013.06.09"]

1. c4 e6 2. Nc3 d5 3. d4 a6 4. cxd5 exd5 5. Bf4 Nf6 6. e3 Bd6 7. Bxd6 Qxd6 8.
Bd3 O-O 9. Qc2 c5 10. dxc5 Qxc5 11. Nge2 Nc6 12. O-O d4 13. exd4 Nxd4 14. Nxd4
Qxd4 15. Rad1 Qc5 16. Rfe1 Bg4 17. Rc1 Rac8 18. Qb3 b5 19. a3 Rfd8 20. Bf1 Be6
21. Qc2 Bf5 22. Qe2 Bg4 23. Qe3 Qxe3 24. Rxe3 Rd2 25. h3 Be6 26. Re2 Rcd8 27.
Rxd2 Rxd2 28. Rd1 Rxd1 29. Nxd1 Kf8 30. f3 Ke7 31. Kf2 Kd6 32. Nc3 Kc5 33. Bd3
Kd4 34. Bc2 Bc4 35. Ne4 Nxe4+ 36. Bxe4 h6 37. Bc2 a5 38. Be4 Bd3 39. Bc6 f6 40.
Be8 Bc4 41. Bg6 b4 42. axb4 axb4 43. Bh7 Bd3 44. Bg8 g5 45. Bf7 f5 46. g3 f4 47.
gxf4 gxf4 48. h4 Bc4 49. Bg6 Bd3 50. Bf7 Bb5 51. Bg6 Bc4 52. Bf5 Ba6 53. Bg6 Bb5
54. Bf5 Kc4 55. Bc2 Bc6 56. Ke2 Kd4 57. Kf2 Bd5 58. Bf5 Bb3 59. Bg6 Ba4 60. Ke2
Kc4 61. Bf7+ Kd4 62. Bg6 Bb5+ 63. Kf2 Bc6 64. Ke2 Ba4 65. Bf5 Bb5+ 66. Kf2 Kc4
67. Bc2 Bc6 68. Ke2 Bd7 69. Bd1 Bf5 70. Ba4 Bd3+ 71. Kd2 Bf1 72. Bc2 Kd4 73. Be4
b3 1/2-1/2

[Event "FIDE World Blitz 2013"]
[Site "Khanty-Mansiysk RUS"]
[Date "2013.06.09"]
[Round "8.8"]
[White "Vasquez Schroeder, Rodrigo"]
[Black "Sargissian, Gabriel"]
[Result "1-0"]
[WhiteTitle "GM"]
[BlackTitle "GM"]
[WhiteElo "2542"]
[BlackElo "2671"]
[WhiteFideId "3400042"]
[BlackFideId "13300881"]
[EventDate "2013.06.09"]

1. e4 e5 2. Nf3 Nc6 3. Bb5 a6 4. Ba4 Nf6 5. O-O Be7 6. Re1 b5 7. Bb3 O-O 8. h3
Bb7 9. d3 d5 10. Nbd2 dxe4 11. dxe4 Na5 12. Qe2 Bd6 13. Nh2 Nxb3 14. axb3 Qd7
15. Nhf1 Qc6 16. c3 Rfe8 17. Ng3 g6 18. b4 Bc8 19. Nb3 Be6 20. Na5 Qd7 21. Bg5
Kg7 22. Rad1 Ng8 23. Qf3 f6 24. Be3 Qf7 25. Nb7 Bf8 26. Bc5 Ne7 27. Rd2 Nc6 28.
Bxf8+ Rxf8 29. Nc5 a5 30. Nf5+ Kh8 31. Nh6 Qe8 32. bxa5 Nxa5 33. b4 Nb3 34. Rdd1
Nxc5 35. bxc5 Qe7 36. Qe3 Kg7 37. Ng4 Rfd8 38. c6 Bxg4 39. hxg4 Rxd1 40. Rxd1
Rd8 41. Rxd8 Qxd8 42. Qc5 Kf7 43. f3 Qd3 44. Qa7 Qd6 45. Qb7 Ke7 46. Qxb5 Qd2
47. Qb4+ Qd6 48. Qc4 Qd2 49. Qc5+ Qd6 50. Qc4 Qd2 51. Qb4+ Qd6 52. Qb7 Qc5+ 53.
Kh2 Kd6 54. Qa8 Qxc3 55. Qf8+ Kxc6 56. Qxf6+ Kb5 57. Qe7 c5 58. Qxh7 c4 59. Qxg6
Qd2 60. Qe8+ Kb4 61. Qxe5 c3 62. Qb8+ Ka3 63. Qa7+ Kb2 64. Qb6+ Ka1 65. Qa5+ Kb1
66. e5 c2 67. Qxd2 1-0

[Event "FIDE World Blitz 2013"]
[Site "Khanty-Mansiysk RUS"]
[Date "2013.06.09"]
[Round "8.10"]
[White "Rublevsky, Sergei"]
[Black "Mamedov, Rauf"]
[Result "0-1"]
[WhiteTitle "GM"]
[BlackTitle "GM"]
[WhiteElo "2695"]
[BlackElo "2637"]
[WhiteFideId "4115309"]
[BlackFideId "13401653"]
[EventDate "2013.06.09"]

1. e4 c5 2. Nf3 Nc6 3. Bb5 g6 4. Bxc6 dxc6 5. d3 Bg7 6. h3 b6 7. a3 a5 8. Nc3 e5
9. Be3 Ne7 10. O-O O-O 11. Qd2 f5 12. Bh6 Qd6 13. Bxg7 Kxg7 14. Na4 fxe4 15.
dxe4 Qxd2 16. Nxd2 Rb8 17. Rfd1 Be6 18. Nf3 Rxf3 19. gxf3 Bxh3 20. Kh2 Be6 21.
Rd6 Kf7 22. Kg3 h5 23. f4 exf4+ 24. Kxf4 Kf6 25. Rg1 h4 26. b3 h3 27. Nb2 Rh8
28. Nd3 g5+ 29. Kg3 Ng6 30. Rh1 Ke7 31. Rxc6 Rf8 32. Rxb6 g4 33. Rxe6+ Kxe6 34.
Kxg4 Rg8 35. Kxh3 Ne7 36. Nxc5+ Ke5 37. Nd3+ Kd4 38. f3 Kc3 39. Rh2 Nc6 40. Rg2
Rf8 41. Kg3 Nd4 42. f4 Nxc2 43. Nc5 Ne3 44. Re2 Rg8+ 45. Kf3 Nc2 46. Rh2 Nd4+
47. Kf2 Rc8 48. Rh3+ Kb2 49. b4 Rf8 50. Nd3+ Kc2 51. bxa5 Kd2 52. f5 Ra8 53. Nf4
Nc6 54. Rd3+ Kc2 55. Rd5 Nxa5 56. f6 Nc4 57. f7 Rf8 58. Rf5 Nd6 59. Rf6 Nxe4+ 0-1

[Event "FIDE World Blitz 2013"]
[Site "Khanty-Mansiysk RUS"]
[Date "2013.06.09"]
[Round "8.11"]
[White "Georgiev, Kiril"]
[Black "Khairullin, Ildar"]
[Result "1-0"]
[WhiteTitle "GM"]
[BlackTitle "GM"]
[WhiteElo "2636"]
[BlackElo "2658"]
[WhiteFideId "2900017"]
[BlackFideId "4151348"]
[EventDate "2013.06.09"]

1. d4 d5 2. c4 c6 3. cxd5 cxd5 4. Nc3 Nc6 5. Bf4 Nf6 6. e3 Bg4 7. Qb3 Na5 8.
Qa4+ Bd7 9. Qc2 e6 10. Bd3 Bb4 11. Nf3 Nh5 12. Bg5 f6 13. Bh4 g5 14. Bg3 Rc8 15.
O-O Nxg3 16. fxg3 Nc4 17. Qb3 Nxb2 18. Nxd5 Nxd3 19. Nxb4 Nxb4 20. Qxb4 Bc6 21.
Rac1 Qe7 22. Qa5 O-O 23. h3 b6 24. Qd2 Qd6 25. g4 Be4 26. Qf2 Rxc1 27. Rxc1 Bb7
28. Rc3 Rc8 29. Rxc8+ Bxc8 30. e4 Bb7 31. e5 Qe7 32. Nd2 fxe5 33. dxe5 Qc5 34.
Qxc5 bxc5 35. Kf2 Bd5 36. a3 c4 37. Nb1 Kf7 38. g3 Ke7 39. Nc3 h6 40. Ke3 Bg2
41. h4 gxh4 1-0

[Event "FIDE World Blitz 2013"]
[Site "Khanty-Mansiysk RUS"]
[Date "2013.06.09"]
[Round "8.16"]
[White "Andreikin, Dmitry"]
[Black "Riazantsev, Alexander"]
[Result "0-1"]
[WhiteTitle "GM"]
[BlackTitle "GM"]
[WhiteElo "2713"]
[BlackElo "2708"]
[WhiteFideId "4158814"]
[BlackFideId "4125029"]
[EventDate "2013.06.09"]

1. e4 c6 2. d3 d5 3. Nd2 Qc7 4. g3 e5 5. Bg2 Nf6 6. Ngf3 Bd6 7. O-O O-O 8. Re1
Nbd7 9. b3 Re8 10. Bb2 a5 11. a3 dxe4 12. dxe4 b5 13. Nh4 Bf8 14. Qe2 Nb6 15.
Rad1 a4 16. b4 Be6 17. Nf5 Rad8 18. Ne3 c5 19. Qxb5 Bd7 20. Qe2 cxb4 21. axb4
Bxb4 22. c4 a3 23. Ba1 Ba4 24. Nd5 Nfxd5 25. exd5 Bxd1 26. Rxd1 Bxd2 27. Qxd2
Nxc4 28. Qc3 Rc8 29. Bh3 Nb2 30. Qxc7 Rxc7 31. d6 Rc5 32. Rb1 Rd8 33. d7 g6 34.
Kg2 f5 35. Bxb2 Rb5 36. Rc1 axb2 37. Rc8 Rb8 0-1

[Event "FIDE World Blitz 2013"]
[Site "Khanty-Mansiysk RUS"]
[Date "2013.06.09"]
[Round "8.19"]
[White "Gundavaa, Bayarsaikhan"]
[Black "Najer, Evgeniy"]
[Result "0-1"]
[WhiteTitle "GM"]
[BlackTitle "GM"]
[WhiteElo "2516"]
[BlackElo "2633"]
[WhiteFideId "4901045"]
[BlackFideId "4118987"]
[EventDate "2013.06.09"]

1. d4 d5 2. c4 c6 3. Nf3 Nf6 4. e3 Bg4 5. Qb3 Qb6 6. Nc3 e6 7. Nh4 Be7 8. h3 Bh5
9. g4 Bg6 10. Nxg6 hxg6 11. Bg2 g5 12. Bd2 Nbd7 13. cxd5 exd5 14. Qxb6 axb6 15.
Ke2 b5 16. a3 Nb6 17. Na2 Nc4 18. Bc3 Ne4 19. Rhb1 O-O 20. Be1 Rfe8 21. Nb4 Bf6
22. Nd3 Ra7 23. Bb4 Bxd4 24. exd4 Nc3+ 25. Kf3 Nd2+ 26. Kg3 Ncxb1 27. Bf3 b6 28.
Bd1 Re4 29. Bc2 Rxd4 30. Ne5 Rxb4 31. Nxc6 Rc4 0-1

[Event "FIDE World Blitz 2013"]
[Site "Khanty-Mansiysk RUS"]
[Date "2013.06.09"]
[Round "8.21"]
[White "Bezgodov, Alexei"]
[Black "Pasiev, Rakhim"]
[Result "1-0"]
[WhiteTitle "GM"]
[BlackTitle "IM"]
[WhiteElo "2482"]
[BlackElo "2384"]
[WhiteFideId "4105257"]
[BlackFideId "24122475"]
[EventDate "2013.06.09"]

1. e4 d6 2. d4 Nf6 3. Bd3 c6 4. c4 Nbd7 5. Nc3 e5 6. d5 Be7 7. Nge2 O-O 8. O-O
Re8 9. Kh1 Bf8 10. f3 Qc7 11. Be3 a6 12. Rc1 c5 13. g4 h6 14. Ng3 Nh7 15. Nf5
Ndf6 16. Rg1 Kh8 17. h4 Ng8 18. g5 hxg5 19. hxg5 g6 20. Rc2 gxf5 21. exf5 Ne7
22. f6 Nf5 23. Rh2 Bg7 24. f4 Rg8 25. Rxh7+ 1-0

[Event "FIDE World Blitz 2013"]
[Site "Khanty-Mansiysk RUS"]
[Date "2013.06.09"]
[Round "8.23"]
[White "Grachev, Boris"]
[Black "Cherniaev, Alexander"]
[Result "1-0"]
[WhiteTitle "GM"]
[BlackTitle "GM"]
[WhiteElo "2683"]
[BlackElo "2447"]
[WhiteFideId "4129199"]
[BlackFideId "4117301"]
[EventDate "2013.06.09"]

1. Nf3 g6 2. d4 f5 3. Bf4 Nf6 4. e3 Bg7 5. h3 d6 6. Be2 O-O 7. Bh2 Kh8 8. O-O
Be6 9. c4 Bg8 10. Nc3 Nbd7 11. Rc1 c6 12. b4 Ne4 13. Nxe4 fxe4 14. Nd2 d5 15. b5
e5 16. bxc6 bxc6 17. cxd5 Bxd5 18. Nb3 Qg5 19. Bg4 Rad8 20. Bxd7 Rxd7 21. Nc5
Rdf7 22. dxe5 Bxe5 23. Bxe5+ Qxe5 24. Qg4 h5 25. Qxg6 Rg7 26. Qh6+ Kg8 27. Rb1
Qf5 28. Rb7 Rxb7 29. Nxb7 Rf6 30. Nd6 Qxf2+ 31. Rxf2 Rxh6 32. Nf5 Re6 33. Nd4
Re7 34. a3 Kh7 35. Rf6 Rb7 36. Nf5 Rb3 37. a4 Ra3 38. Rh6+ Kg8 39. Ne7+ Kg7 40.
Nf5+ Kf8 41. Rxh5 Rxa4 42. Rh7 Ra2 43. Rc7 a5 44. h4 Bf7 45. Nd6 Bh5 46. Nxe4 a4
47. Ra7 a3 48. Nc5 1-0

[Event "FIDE World Blitz 2013"]
[Site "Khanty-Mansiysk RUS"]
[Date "2013.06.09"]
[Round "8.24"]
[White "Nadanian, Ashot"]
[Black "Gordievsky, Dmitry"]
[Result "0-1"]
[WhiteTitle "IM"]
[BlackTitle "FM"]
[WhiteElo "2428"]
[BlackElo "2474"]
[WhiteFideId "13300393"]
[BlackFideId "24112798"]
[EventDate "2013.06.09"]

1. e4 e6 2. d4 d5 3. Nc3 Nf6 4. Bg5 Bb4 5. e5 h6 6. Bd2 Bxc3 7. bxc3 Ne4 8. h4
c5 9. Qg4 Kf8 10. Rh3 Nxd2 11. Kxd2 Nc6 12. Bd3 c4 13. Rg3 cxd3 14. Qxg7+ Ke7
15. cxd3 Kd7 16. Rf3 Rf8 17. Nh3 Ne7 18. Rxf7 Rxf7 19. Qxf7 Qg8 20. Qf3 b6 21.
Nf4 Qf7 22. c4 Bb7 23. c5 bxc5 24. Rb1 Bc6 25. dxc5 Rc8 26. d4 Qf5 27. Rb3 Qe4
28. Qxe4 dxe4 29. Ra3 Ra8 30. Nh5 Nd5 31. Rg3 Rf8 32. Rg7+ Kc8 33. Ke1 e3 34.
fxe3 Nxe3 35. Nf6 Nxg2+ 36. Kd2 Nxh4 37. Rxa7 Nf5 38. Kc3 Ne3 39. Nh7 Nd5+ 40.
Kb3 Rf3+ 41. Kb2 Kb8 42. Rg7 Rf2+ 43. Kb3 Rf3+ 44. Kb2 Rd3 45. Nf8 Rxd4 46. Nxe6
Re4 47. Rg8+ Ka7 48. Nd8 Bb5 49. e6 Bc4 50. Nc6+ Ka6 51. Rb8 Re2+ 52. Kc1 Rxe6
53. Nd4 Re4 54. Nc6 Bb5 55. Nd8 Rc4+ 56. Kd2 Rxc5 57. Ne6 Rc6 58. Nd4 Rb6 59.
Rd8 Bc4 60. a4 Rb2+ 61. Kc1 Rg2 62. Rc8 Ne3 63. Rc5 Kb6 64. Re5 Nd5 65. Nf5 Rf2
66. Nd6 Kc5 67. Ne4+ Kd4 68. Rxd5+ Kxe4 69. Rh5 Rf6 70. Kd2 Bd5 71. Kc3 Rb6 72.
a5 Rb3+ 73. Kc2 Ra3 74. Rh4+ Ke5 75. Rh5+ Kd4 76. Rxh6 Rxa5 77. Rd6 Ra2+ 78. Kb1
Rh2 79. Rd8 Kc4 80. Rc8+ Kb3 81. Rd8 Bc4 82. Kc1 Kc3 83. Rd1 Ra2 84. Kb1 Ra8 85.
Rc1+ Kb3 86. Rd1 Ra7 87. Rd2 Rh7 88. Rb2+ Ka3 89. Ka1 Bb3 90. Ra2+ Kb4 91. Rb2
Kc3 92. Rc2+ 0-1

[Event "FIDE World Blitz 2013"]
[Site "Khanty-Mansiysk RUS"]
[Date "2013.06.09"]
[Round "8.25"]
[White "Byambaa, Zulzaga"]
[Black "Ghaem Maghami, Ehsan"]
[Result "0-1"]
[WhiteTitle "FM"]
[BlackTitle "GM"]
[WhiteElo "2285"]
[BlackElo "2554"]
[WhiteFideId "4900642"]
[BlackFideId "12500739"]
[EventDate "2013.06.09"]

1. e4 c5 2. Nf3 e6 3. d4 cxd4 4. Nxd4 a6 5. c4 Nf6 6. Nc3 Bb4 7. Qd3 d6 8. Bd2
Nbd7 9. a3 Bxc3 10. Bxc3 Nc5 11. Qg3 Ncxe4 12. Qxg7 Rg8 13. Qh6 Nxc3 14. bxc3
Qa5 15. Qe3 Bd7 16. Be2 Rxg2 17. Bf3 Rg5 18. Kd2 Ke7 19. Rhb1 Re5 20. Qf4 Rc8
21. Rxb7 Rxc4 22. Nc6+ Rxc6 23. Bxc6 Rc5 24. Qb4 Qxb4 25. axb4 Rxc6 26. Ra7 Ne4+
27. Ke3 Nxc3 28. R1xa6 Nd5+ 29. Kf3 Rxa6 30. Rxa6 Nxb4 31. Ra7 Nc6 32. Rb7 f5
33. Kf4 h6 34. Kg3 d5 35. f4 d4 36. Kf2 Kd6 37. Ke2 e5 38. fxe5+ Nxe5 39. Rb4
Kd5 40. Rb6 Bc6 41. Rb8 f4 42. Rd8+ Ke4 43. Rd6 f3+ 44. Kf2 Bb5 45. h3 h5 46.
Kg3 h4+ 47. Kxh4 f2 48. Rf6 f1=Q 0-1

[Event "FIDE World Blitz 2013"]
[Site "Khanty-Mansiysk RUS"]
[Date "2013.06.09"]
[Round "8.26"]
[White "Al-Sayed, Mohammed"]
[Black "Safarli, Eltaj"]
[Result "0-1"]
[WhiteTitle "GM"]
[BlackTitle "GM"]
[WhiteElo "2498"]
[BlackElo "2660"]
[WhiteFideId "12100196"]
[BlackFideId "13402129"]
[EventDate "2013.06.09"]

1. d4 Nf6 2. Nf3 g6 3. Bg5 Bg7 4. Nbd2 d6 5. Bxf6 Bxf6 6. h4 h5 7. c3 Bg7 8. e4
c5 9. dxc5 dxc5 10. Bc4 Nc6 11. Qe2 Bg4 12. Qe3 O-O 13. Qxc5 Bh6 14. Ng5 Rc8 15.
f3 Na5 16. Qb4 Qc7 17. Be2 Qg3+ 18. Kf1 Nc6 19. Qc5 Rfd8 20. Nc4 Nd4 21. Qxe7
Bxg5 22. Qxg5 Nxe2 23. Ne3 Nf4 24. Re1 Rd2 25. Nd1 0-1

[Event "FIDE World Blitz 2013"]
[Site "Khanty-Mansiysk RUS"]
[Date "2013.06.09"]
[Round "8.27"]
[White "Kabanov, Nikolai"]
[Black "Artemiev, Vladislav"]
[Result "0-1"]
[WhiteTitle "GM"]
[BlackTitle "IM"]
[WhiteElo "2472"]
[BlackElo "2524"]
[WhiteFideId "4127820"]
[BlackFideId "24101605"]
[EventDate "2013.06.09"]

1. e4 c5 2. Nf3 d6 3. c3 Nf6 4. Be2 Nbd7 5. Qc2 Qc7 6. d4 cxd4 7. Nxd4 g6 8. c4
Bg7 9. Nc3 O-O 10. f3 a6 11. Be3 b6 12. a4 Bb7 13. a5 bxa5 14. Nb3 Rab8 15. Nxa5
Ba8 16. O-O e6 17. Rfd1 d5 18. cxd5 exd5 19. e5 Nxe5 20. Bxa6 Rfe8 21. Bd4 Nh5
22. Bf1 Rb4 23. Qf2 Nf4 24. Ra3 Reb8 25. Ra2 Rxd4 26. Rxd4 Nh3+ 27. gxh3 Nxf3+
28. Qxf3 Bxd4+ 29. Kh1 Bxc3 30. Bg2 Bxa5 0-1

[Event "FIDE World Blitz 2013"]
[Site "Khanty-Mansiysk RUS"]
[Date "2013.06.09"]
[Round "8.28"]
[White "Sibriaev, Aleksandr"]
[Black "Lagno, Kateryna"]
[Result "0-1"]
[WhiteTitle "FM"]
[BlackTitle "GM"]
[WhiteElo "2239"]
[BlackElo "2542"]
[WhiteFideId "4116070"]
[BlackFideId "14109336"]
[EventDate "2013.06.09"]

1. Nc3 g6 2. e4 d6 3. Bc4 Bg7 4. h4 h5 5. d3 c6 6. a4 Nf6 7. Nh3 d5 8. Bb3 O-O
9. Ng5 Na6 10. O-O Nc5 11. Ba2 dxe4 12. dxe4 Qc7 13. f3 Nh7 14. Qe1 Nxg5 15.
Bxg5 Be6 16. Qe3 Bxa2 17. Qxc5 Be6 18. Qxe7 Qb6+ 19. Kh1 Qxb2 20. Ne2 Qxc2 21.
Rae1 Bc4 22. Qc5 b6 23. Rc1 Qxc1 24. Rxc1 bxc5 25. Rxc4 Rfc8 26. Rxc5 Bf8 27.
Rc4 Rab8 28. Be3 Rb4 29. Rc2 Rxa4 30. Kh2 c5 31. Kh3 c4 32. g4 hxg4+ 33. Kxg4
Bg7 34. f4 c3 35. e5 Bxe5 36. Kf3 Bf6 37. Ng3 Rb4 38. Ne4 Bg7 0-1

[Event "FIDE World Blitz 2013"]
[Site "Khanty-Mansiysk RUS"]
[Date "2013.06.09"]
[Round "8.30"]
[White "Ram, S. Krishnan"]
[Black "Akbaev, Kazbek"]
[Result "1-0"]
[BlackTitle "IM"]
[WhiteElo "2248"]
[BlackElo "2475"]
[WhiteFideId "5010519"]
[BlackFideId "4131045"]
[EventDate "2013.06.09"]

1. d4 Nf6 2. c4 e5 3. dxe5 Ng4 4. e3 d6 5. Nf3 Nc6 6. e6 Bxe6 7. Nc3 Be7 8. Be2
O-O 9. O-O Nd4 10. Nxd4 Nf6 11. b3 Bd7 12. Bb2 c5 13. Nf3 Bc6 14. Rc1 Qc8 15.
Nd5 Bxd5 16. cxd5 Nxd5 17. Bc4 Nf6 18. Bd3 Qg4 19. h3 1-0

[Event "FIDE World Blitz 2013"]
[Site "Khanty-Mansiysk RUS"]
[Date "2013.06.09"]
[Round "9.7"]
[White "Guseinov, Gadir"]
[Black "Sargissian, Gabriel"]
[Result "0-1"]
[WhiteTitle "GM"]
[BlackTitle "GM"]
[WhiteElo "2631"]
[BlackElo "2671"]
[WhiteFideId "13401378"]
[BlackFideId "13300881"]
[EventDate "2013.06.09"]

1. e4 e5 2. Nf3 Nc6 3. Bb5 Nf6 4. O-O Nxe4 5. Re1 Nd6 6. Nxe5 Be7 7. Bf1 Nxe5 8.
Rxe5 O-O 9. Nc3 Bf6 10. Re1 b6 11. Nd5 Bb7 12. Nxf6+ Qxf6 13. a4 Rfe8 14. Ra3
Rxe1 15. Qxe1 Re8 16. Re3 Rxe3 17. dxe3 a5 18. f3 Qe6 19. Qc3 Bc6 20. b3 Ne8 21.
e4 Qf6 22. Qe3 d6 23. Bd2 Bd7 24. Bc3 Qe7 25. Qd4 Nf6 26. Bd3 h6 27. Bb2 Be6 28.
f4 Ne8 29. e5 dxe5 30. Qxe5 Qd6 31. Qe4 f5 32. Qe3 Nf6 33. Be5 Qd7 34. h3 Nd5
35. Qg3 Nb4 36. Bb5 c6 37. Be2 Nxc2 38. Qc3 Nb4 39. Kh2 c5 40. Bb5 Qf7 41. Qg3
Nd5 42. Bc4 Nf6 43. Bd3 Ne4 44. Qe3 Bxb3 45. Bb5 Bc4 46. Bc6 Bd5 47. Bb5 Qe6 48.
Qe1 Kh7 49. Qh4 Qg6 50. Qe1 c4 51. Bd4 c3 52. Qe3 0-1

[Event "FIDE World Blitz 2013"]
[Site "Khanty-Mansiysk RUS"]
[Date "2013.06.09"]
[Round "9.10"]
[White "Vasquez Schroeder, Rodrigo"]
[Black "Akopian, Vladimir"]
[Result "1/2-1/2"]
[WhiteTitle "GM"]
[BlackTitle "GM"]
[WhiteElo "2542"]
[BlackElo "2691"]
[WhiteFideId "3400042"]
[BlackFideId "13300032"]
[EventDate "2013.06.09"]

1. e4 e5 2. Nf3 Nc6 3. Bb5 Nf6 4. Qe2 d6 5. c3 Bd7 6. d4 Be7 7. d5 Nb8 8. Bxd7+
Nbxd7 9. c4 O-O 10. O-O Nc5 11. Nc3 a5 12. b3 Nfd7 13. Rb1 g6 14. Bh6 Re8 15. a3
Bf8 16. Bd2 f5 17. b4 axb4 18. axb4 Nxe4 19. Nxe4 fxe4 20. Ng5 Nf6 21. Nxe4 Nxe4
22. Qxe4 Qd7 23. Be3 Qf5 24. f3 Ra3 25. Bf2 Qxe4 26. fxe4 Bh6 27. c5 Rf8 28. c6
b5 29. h3 Ra2 30. Rb3 Rf4 31. Be3 Rxf1+ 32. Kxf1 Bxe3 33. Rxe3 Kf7 34. Rb3 Ke7
35. h4 Kf6 36. Rf3+ Ke7 37. Rb3 Kf6 38. Rf3+ Ke7 39. Rb3 1/2-1/2

[Event "FIDE World Blitz 2013"]
[Site "Khanty-Mansiysk RUS"]
[Date "2013.06.09"]
[Round "9.13"]
[White "Tkachiev, Vladislav"]
[Black "Riazantsev, Alexander"]
[Result "1-0"]
[WhiteTitle "GM"]
[BlackTitle "GM"]
[WhiteElo "2649"]
[BlackElo "2708"]
[WhiteFideId "618438"]
[BlackFideId "4125029"]
[EventDate "2013.06.09"]

1. Nf3 Nf6 2. g3 b6 3. d4 Bb7 4. c4 e6 5. Bg2 Be7 6. O-O O-O 7. Re1 Na6 8. Nc3
Ne4 9. Bf4 Nxc3 10. bxc3 Be4 11. Bf1 Nb8 12. Nd2 Bb7 13. e4 d6 14. Qg4 Re8 15.
a4 Nd7 16. Bg2 e5 17. Be3 a5 18. Qd1 Bf8 19. Qc2 Nf6 20. f3 g6 21. Nf1 Bg7 22.
Bf2 Nd7 23. Rad1 c6 24. Bh3 Nf8 25. Rb1 c5 26. dxc5 dxc5 27. Ne3 Qc7 28. Nd5
Bxd5 29. cxd5 Red8 30. Rb5 Rd6 31. Reb1 Bf6 32. Qb2 Bd8 33. c4 Qe7 34. Be1 Bc7
35. Bc3 Re8 36. Rf1 g5 37. Qd2 Rg6 38. Rbb1 f6 39. d6 Bxd6 40. Rxb6 Ne6 1-0

[Event "FIDE World Blitz 2013"]
[Site "Khanty-Mansiysk RUS"]
[Date "2013.06.09"]
[Round "9.16"]
[White "Khismatullin, Denis"]
[Black "Khairullin, Ildar"]
[Result "0-1"]
[WhiteTitle "GM"]
[BlackTitle "GM"]
[WhiteElo "2658"]
[BlackElo "2658"]
[WhiteFideId "4142578"]
[BlackFideId "4151348"]
[EventDate "2013.06.09"]

1. d4 d5 2. c4 c6 3. Nc3 dxc4 4. e4 b5 5. a4 b4 6. Nb1 Ba6 7. Qc2 Qxd4 8. Nf3
Qb6 9. Be3 Qb7 10. Nbd2 c3 11. bxc3 Bxf1 12. Kxf1 e6 13. g3 Nf6 14. Kg2 Na6 15.
Rab1 Be7 16. Rhc1 O-O 17. cxb4 Nxb4 18. Bc5 a5 19. e5 Nfd5 20. Ne4 Bxc5 21. Qxc5
Qe7 22. Nd4 Qxc5 23. Nxc5 Rfc8 24. Rb3 h6 25. h4 Rc7 26. Ne4 Rd8 27. Nd6 Nb6 28.
Rc5 Ra8 29. Ra3 Nd7 30. Rcc3 Nxe5 31. Ne4 Nd7 32. Nb5 Rcc8 33. Nbd6 Rd8 34. g4
Nb6 35. Rc5 Nc8 36. Nb7 Rd5 37. Rac3 Nb6 38. g5 Nxa4 0-1

[Event "FIDE World Blitz 2013"]
[Site "Khanty-Mansiysk RUS"]
[Date "2013.06.09"]
[Round "9.17"]
[White "Grachev, Boris"]
[Black "Kobalia, Mikhail"]
[Result "1-0"]
[WhiteTitle "GM"]
[BlackTitle "GM"]
[WhiteElo "2683"]
[BlackElo "2651"]
[WhiteFideId "4129199"]
[BlackFideId "4119150"]
[EventDate "2013.06.09"]

1. d4 d5 2. Bf4 c6 3. e3 Bf5 4. c4 e6 5. Nc3 Nd7 6. Qb3 Qb6 7. c5 Qxb3 8. axb3
a6 9. b4 Rc8 10. Nf3 h6 11. Nd2 g5 12. Bg3 Bg7 13. Nb3 e5 14. Na5 Rb8 15. h3 Ne7
16. Kd2 O-O 17. f3 b6 18. cxb6 Rxb6 19. Ra4 exd4 20. exd4 Bxd4 21. Bc7 c5 22.
Bxb6 Nxb6 23. Ra1 cxb4 24. Na4 Nc4+ 25. Nxc4 dxc4 26. Bxc4 Rd8 27. Ke2 Ng6 28.
Rhd1 Re8+ 29. Kf1 Bg7 30. Re1 Rb8 31. Bxa6 Nf4 32. Bc4 Bf6 33. Rad1 Rc8 34. b3
Bc2 35. Rd6 Kg7 36. Nb6 Rc7 37. g3 Ng6 38. Rxf6 Rxc4 39. Rxg6+ 1-0

[Event "FIDE World Blitz 2013"]
[Site "Khanty-Mansiysk RUS"]
[Date "2013.06.09"]
[Round "9.19"]
[White "Andreikin, Dmitry"]
[Black "Ghaem Maghami, Ehsan"]
[Result "1-0"]
[WhiteTitle "GM"]
[BlackTitle "GM"]
[WhiteElo "2713"]
[BlackElo "2554"]
[WhiteFideId "4158814"]
[BlackFideId "12500739"]
[EventDate "2013.06.09"]

1. e4 e5 2. Nf3 Nc6 3. Nc3 Bb4 4. Nd5 Bd6 5. d4 exd4 6. Nxd4 Nge7 7. Nb5 Be5 8.
f4 a6 9. fxe5 axb5 10. Bg5 h6 11. Bh4 g5 12. Bg3 Nxd5 13. exd5 Ne7 14. Qf3 c6
15. d6 Ng6 16. Bd3 O-O 17. O-O Kg7 18. Qh5 Qe8 19. Rf6 1-0